[Event "Madrid 2021-2022 ch - Previa B"]
[Site "Madrid ESP"]
[Date "2022.03.26"]
[Round "9.8"]
[White "Cuellar Gutierrez, Raul"]
[Black "Cabanas Bravo, Juan Andres"]
[Result "1/2-1/2"]
[WhiteElo "1948"]
[BlackElo "1903"]
[PlyCount "141"]
[EventDate "2022.03.03"]
[EventType "swiss"]
[EventRounds "9"]
[EventCountry "ESP"]

1. d4 Nf6 2. Nf3 g6 3. g3 Bg7 4. Bg2 O-O 5. O-O d5 6. c4 dxc4 7. Na3 c3 8. bxc3
c5 9. Nc4 Nd5 10. Bb2 Nc6 11. Nce5 Qa5 12. Nxc6 bxc6 13. Qc2 Rb8 14. e4 Rxb2
15. Qxb2 Nxc3 16. Qd2 Ba6 17. Rfe1 Rd8 18. e5 cxd4 19. Rac1 c5 20. Kh1 Bb7 21.
e6 f5 22. Ne5 Qc7 23. Bxb7 Qxb7+ 24. Kg1 Ne4 25. Qf4 d3 26. Red1 Qa6 27. f3 d2
28. fxe4 dxc1=Q 29. Rxc1 Qxe6 30. Rxc5 fxe4 31. Qxe4 Rd1+ 32. Kg2 Qxa2+ 33. Kh3
Qe6+ 34. Kg2 Rd2+ 35. Kg1 Bf6 36. Qf4 Qa2 37. Qc4+ Kg7 38. Qxa2 Rxa2 39. Nc6 a5
40. Rxa5 Rxa5 41. Nxa5 Kf7 42. Kf2 Ke6 43. Kf3 Kd5 44. Nb3 Bc3 45. Nc1 e5 46.
Ne2 Bd2 47. Ng1 e4+ 48. Ke2 Bh6 49. Nh3 Ke5 50. Nf2 Bc1 51. Kd1 Bg5 52. Ke2 h5
53. Nh3 Bc1 54. Nf2 Kf5 55. h3 Ba3 56. Nd1 Bc5 57. Kf1 e3 58. Ke2 Ke4 59. Nc3+
Kd4 60. Nd1 Bd6 61. Nxe3 Bxg3 62. Kf3 Bc7 63. Ng2 g5 64. Ne3 Kd3 65. Nf5 Be5
66. Nh6 Kd2 67. Nf7 Bf6 68. Nxg5 Bxg5 69. Kg2 Ke2 70. h4 Bxh4 71. Kh1 1/2-1/2

[Event "Madrid 2021-2022 ch - Previa B"]
[Site "Madrid ESP"]
[Date "2022.03.26"]
[Round "9.11"]
[White "Toledo Aguirre, Gonzalo"]
[Black "Vukotic Jovsic, Dragan"]
[Result "1/2-1/2"]
[WhiteElo "1879"]
[BlackElo "1834"]
[PlyCount "96"]
[EventDate "2022.03.03"]
[EventType "swiss"]
[EventRounds "9"]
[EventCountry "ESP"]

1. d4 d5 2. c4 e6 3. Nc3 Be7 4. Nf3 Nf6 5. Bf4 O-O 6. h3 c5 7. cxd5 Nxd5 8.
Nxd5 Qxd5 9. e3 Nc6 10. dxc5 Qxc5 11. Be2 Qa5+ 12. Kf1 e5 13. Bg3 Bf5 14. Kg1
Rfd8 15. Qb3 a6 16. Kh2 b5 17. Rhd1 Be6 18. Rxd8+ Rxd8 19. Qc2 Nb4 20. Qe4 f6
21. a3 Bd5 22. Qb1 Nc6 23. b4 Qb6 24. Qc2 Bd6 25. Rd1 e4 26. Bxd6 Rxd6 27. Nd4
Nxd4 28. Rxd4 Bb7 29. Rxd6 Qxd6+ 30. Kg1 Qc6 31. Qxc6 Bxc6 32. Kf1 Kf7 33. Ke1
Ke6 34. Kd2 Ke5 35. Bg4 f5 36. Bh5 g6 37. Bd1 Bd5 38. h4 h6 39. g3 g5 40. hxg5
hxg5 41. a4 Bc4 42. a5 f4 43. gxf4+ gxf4 44. Kc3 f3 45. Bc2 Bd5 46. Bb1 Be6 47.
Bc2 Bd5 48. Bb1 Be6 1/2-1/2

[Event "Madrid 2021-2022 ch - Previa B"]
[Site "Madrid ESP"]
[Date "2022.03.26"]
[Round "9.12"]
[White "Muminov, Suhayl"]
[Black "Enriquez Pastor, Jorge"]
[Result "1-0"]
[WhiteElo "1658"]
[BlackElo "1435"]
[PlyCount "69"]
[EventDate "2022.03.03"]
[EventType "swiss"]
[EventRounds "9"]
[EventCountry "ESP"]

1. e4 e6 2. b3 d5 3. Bb2 dxe4 4. Nc3 Nf6 5. Qe2 Nbd7 6. O-O-O Be7 7. Kb1 O-O 8.
g4 b6 9. h4 Bb7 10. g5 Nd5 11. Nh3 Nxc3+ 12. dxc3 e3 13. f3 Bd6 14. Qxe3 Qe7
15. Bd3 Ne5 16. Be4 Bxe4 17. Qxe4 Rfd8 18. h5 g6 19. c4 Nd7 20. hxg6 fxg6 21.
Nf2 Nc5 22. Qe3 Qf7 23. Ng4 Qf4 24. Nf6+ Kf8 25. Nxh7+ Kf7 26. Qc3 e5 27. Bc1
Qf5 28. Nf6 Rh8 29. f4 Ne4 30. Nxe4 Qxe4 31. Rxh8 Rxh8 32. c5 bxc5 33. fxe5
Qxe5 34. Rf1+ Kg8 35. Qc4+ 1-0

[Event "Madrid 2021-2022 ch - Previa B"]
[Site "Madrid ESP"]
[Date "2022.03.26"]
[Round "9.13"]
[White "Sanchez Gonzalez, Samuel"]
[Black "Orellana Barrasa, Gonzalo"]
[Result "1-0"]
[WhiteElo "1458"]
[BlackElo "1769"]
[PlyCount "61"]
[EventDate "2022.03.03"]
[EventType "swiss"]
[EventRounds "9"]
[EventCountry "ESP"]

1. e4 c5 2. d4 cxd4 3. Nf3 g6 4. c3 dxc3 5. Nxc3 Bg7 6. h4 h5 7. Bc4 e6 8. Bg5
Qb6 9. O-O a6 10. Re1 Nc6 11. Nd5 Qc5 12. Rc1 Nce7 13. b4 Qa7 14. Nc7+ Kf8 15.
Qd6 Bf6 16. Bb3 b5 17. Nxa8 Qxa8 18. Ne5 Bxe5 19. Qxe5 Rh7 20. Qd6 f5 21. Rc7
Ke8 22. Rec1 fxe4 23. a4 Rf7 24. axb5 axb5 25. Bxe6 Rxf2 26. Bxd7+ Kf7 27. Kxf2
e3+ 28. Kg1 Qa2 29. Bxc8 Qf2+ 30. Kh1 e2 31. Rxe7+ 1-0

[Event "Madrid 2021-2022 ch - Previa B"]
[Site "Madrid ESP"]
[Date "2022.03.26"]
[Round "9.15"]
[White "Villar Grandon, Diego"]
[Black "Montoya Cabrera, Ernesto Aleja"]
[Result "0-1"]
[WhiteElo "1606"]
[BlackElo "1551"]
[PlyCount "118"]
[EventDate "2022.03.03"]
[EventType "swiss"]
[EventRounds "9"]
[EventCountry "ESP"]

1. e4 e5 2. Nf3 Nc6 3. d4 exd4 4. Bc4 Nf6 5. e5 d5 6. Bb5 Nd7 7. Bxc6 bxc6 8.
O-O c5 9. Re1 Be7 10. c3 dxc3 11. Nxc3 Nb6 12. Bf4 O-O 13. a4 a5 14. Qc2 c6 15.
h3 Be6 16. Rad1 Qd7 17. Ng5 Bxg5 18. Bxg5 Bf5 19. Ne4 Bxe4 20. Rxe4 Qf5 21. Re2
Qxg5 22. Qxc5 Nd7 23. Qxc6 Nxe5 24. Qc3 Ng6 25. Qf3 Nh4 26. Qxd5 Qxd5 27. Rxd5
Ng6 28. Rc2 Rfd8 29. Rb5 Nf4 30. Rb7 Rac8 31. Rxc8 Rxc8 32. Ra7 Nd3 33. b3 Rb8
34. Rxa5 f6 35. Rb5 Rxb5 36. axb5 Kf7 37. Kf1 Ke6 38. Ke2 Nc1+ 39. Kd2 Nxb3+
40. Kc3 Nc5 41. Kb4 Nb7 42. b6 Kd6 43. Kb5 g5 44. g4 Nc5 45. f3 h6 46. Kc4 Kc6
47. Kd4 Kxb6 48. Kd5 Kb5 49. Kd6 Nd3 50. Ke6 Ne5 51. Kxf6 Nxf3 52. Kg6 Kc5 53.
Kxh6 Kd5 54. Kg6 Ke5 55. Kh6 Kf4 56. h4 gxh4 57. g5 h3 58. g6 h2 59. g7 Kf5 0-1